000 00658nam a2200289Ia 4500
005 20260324144935.0
008 008 260324s9999 xx 000 0 eng d
020 _a9780429455292
037 _aEBOOK
040 _aCRL
040 _beng
040 _cCRL
041 _2eng
041 _aeng
084 _qCRL
100 _aShulamit Ramon
_9906243
245 0 _aPsychiatry in Britain
245 0 _bMeaning and Policy
260 _bTaylor and Francis
260 _c1985
365 _a
365 _b195
856 _uhttp://www.taylorfrancis.com/books/9780429455292
942 _cEBOOK
999 _c1828415
_d1828415